| Tag |
First Indicator |
Second Indicator |
Subfields |
| LEADER |
00000cam a22000001 4500 |
| 001 |
in00000057864 |
| 005 |
20151008050942.0 |
| 008 |
731212s1966 nyua b 00010 eng |
| 010 |
|
|
|a 66026558
|
| 035 |
|
|
|a (OCoLC)00259264
|
| 035 |
|
|
|a AAG4517AM
|
| 040 |
|
|
|a DLC
|c DLC
|d TXA
|d UtOrBLW
|
| 043 |
|
|
|a nwpr---
|
| 049 |
|
|
|a TXAM
|c [467736],[427182]
|
| 050 |
0 |
0 |
|a HN233.5
|b .B6
|
| 082 |
0 |
|
|a 301.35097295
|
| 092 |
|
|
|a 301.35
|b B775t
|
| 100 |
1 |
|
|a Bourne, Dorothy Dulles.
|
| 245 |
1 |
0 |
|a Thirty years of change in Puerto Rico ;
|b a case study of ten selected rural areas /
|c [by] Dorothy Dulles Bourne and James R. Bourne.
|
| 264 |
|
1 |
|a New York :
|b F. A. Praeger,
|c [1966]
|
| 300 |
|
|
|a xxvi, 411 pages :
|b illustrations ;
|c 25 cm.
|
| 336 |
|
|
|a text
|b txt
|2 rdacontent
|
| 337 |
|
|
|a unmediated
|b n
|2 rdamedia
|
| 338 |
|
|
|a volume
|b nc
|2 rdacarrier
|
| 490 |
1 |
|
|a Praeger special studies in international economics and development
|
| 504 |
|
|
|a Bibliography: pages 403-411.
|
| 650 |
|
0 |
|a Community development
|z Puerto Rico
|x Case studies.
|
| 651 |
|
0 |
|a Puerto Rico
|x Social conditions.
|
| 700 |
1 |
|
|a Bourne, James Russell.
|
| 830 |
|
0 |
|a Praeger special studies in international economics and development.
|
| 999 |
|
|
|a MARS
|
| 999 |
f |
f |
|s 21ce9bab-ef7e-3d6a-a7b5-ef085a50d364
|i 6af34e1c-12a0-3a0f-8a5e-a8dbb35e48fa
|t 0
|
| 952 |
f |
f |
|p normal
|a Texas A&M University
|b College Station
|c Sterling C. Evans Library
|d Evans: Library Stacks
|t 0
|e HN233.5 .B6
|h Library of Congress classification
|i unmediated -- volume
|m A14800640768
|
| 998 |
f |
f |
|a HN233.5 .B6
|t 0
|l Evans: Library Stacks
|